000 00397nam a2200133Ia 4500
008 151001s9999||||xx |||||||||||||| ||und||
100 _aएस आर सिंह
245 _aभारतीय सामाजिक विकास और हिंदी उपन्यास
250 _a1
260 _bअभिव्यक्ती
260 _c2012
300 _a160
365 _b21
999 _c999263
_d999260